<?xml version="1.0" encoding="UTF-8"?>
<record
    xmlns:xsi="http://www.w3.org/2001/XMLSchema-instance"
    xsi:schemaLocation="http://www.loc.gov/MARC21/slim http://www.loc.gov/standards/marcxml/schema/MARC21slim.xsd"
    xmlns="http://www.loc.gov/MARC21/slim">

  <leader>00634nam a2200229Ia 4500</leader>
  <controlfield tag="008">160404s9999    xx            000 0 und d</controlfield>
  <datafield tag="020" ind1=" " ind2=" ">
    <subfield code="a">971-0489-74-9</subfield>
  </datafield>
  <datafield tag="050" ind1=" " ind2=" ">
    <subfield code="a">FIL HF 5686.H75</subfield>
  </datafield>
  <datafield tag="050" ind1=" " ind2=" ">
    <subfield code="b">.C33 2010</subfield>
  </datafield>
  <datafield tag="100" ind1=" " ind2=" ">
    <subfield code="a">Cabrera, Ma. Elenita Balatbat.</subfield>
  </datafield>
  <datafield tag="245" ind1=" " ind2=" ">
    <subfield code="a">Accounting for hotels and restaurants :</subfield>
  </datafield>
  <datafield tag="245" ind1=" " ind2=" ">
    <subfield code="b">a user perspective /</subfield>
  </datafield>
  <datafield tag="245" ind1=" " ind2=" ">
    <subfield code="c">Ma. Elenita Balatbat Cabrera.</subfield>
  </datafield>
  <datafield tag="260" ind1=" " ind2=" ">
    <subfield code="a">Manila :</subfield>
  </datafield>
  <datafield tag="260" ind1=" " ind2=" ">
    <subfield code="b">GIC Enterprises,. Inc.,</subfield>
  </datafield>
  <datafield tag="260" ind1=" " ind2=" ">
    <subfield code="c">2010</subfield>
  </datafield>
  <datafield tag="300" ind1=" " ind2=" ">
    <subfield code="a">404 pages :</subfield>
  </datafield>
  <datafield tag="300" ind1=" " ind2=" ">
    <subfield code="b">illustrations ;</subfield>
  </datafield>
  <datafield tag="300" ind1=" " ind2=" ">
    <subfield code="c">23 cm.</subfield>
  </datafield>
  <datafield tag="650" ind1=" " ind2=" ">
    <subfield code="a">Hotels -- Accounting.</subfield>
  </datafield>
  <datafield tag="650" ind1=" " ind2=" ">
    <subfield code="x">Restaurants -- Accounting.</subfield>
  </datafield>
  <datafield tag="999" ind1=" " ind2=" ">
    <subfield code="c">293238</subfield>
    <subfield code="d">293238</subfield>
  </datafield>
  <datafield tag="952" ind1=" " ind2=" ">
    <subfield code="0">0</subfield>
    <subfield code="1">0</subfield>
    <subfield code="4">0</subfield>
    <subfield code="a">SMC</subfield>
    <subfield code="b">SMC</subfield>
    <subfield code="c">FIL</subfield>
    <subfield code="d">2011-02-14</subfield>
    <subfield code="g">400.00</subfield>
    <subfield code="l">0</subfield>
    <subfield code="o">FIL HF 5686.H75 .C33 2010</subfield>
    <subfield code="p">SMC05272</subfield>
    <subfield code="r">2016-04-04 00:00:00</subfield>
    <subfield code="w">2016-04-04</subfield>
    <subfield code="y">BK </subfield>
  </datafield>
</record>
